00363nam a22001337a 450000500170000000800410001702000180005804100080007608200180008410000420010224500420014426000350018630000080022120180203114147.0160426b xxu||||| |||| 00| 0 eng d a81-203-1724-6 aeng b00191a004.21 aGarg, Vinod Kumar and srinivasan , s. aWorkbook on Systems Analysis & Design aNew DelhibPHI Pvt Ltd. c2002 a250